00497nam a2200157 a 450000100100000000500170001000800410002702000180006804000250008608200150011110000300012624500610015626000390021730000200025650000630027600004463820201002045522.0141210s2013 dr 000 p spa d z9789945484021 aDO-SdBNPbspacBNPHU axxxxbxxxx1 aJean-Baptiste, Marckenson10aSobresaturado :b(poesía) /cMarckenson Jean Baptiste. aSanto Domingo :bMontaño,c2013. a53 p. ;c22 cm. aIncluye datos biográficos del autor en la contracubierta